000 00288nam a22001337a 4500
008 170809b xxu||||| |||| 00| 0 eng d
020 _a9780789724168
041 _aeng
080 _a004
100 _a004
101 _a35
245 _aPRACTICAL FIREWALLS
_cWILLIAM,T
942 _2udc
_cBK
999 _c22981
_d22981